[Event "South Wales International Open"]
[Site "Bridgend"]
[Date "2022.07.09"]
[Round "4.18"]
[White "Di-Vetta, Andrew"]
[Black "Fowler, Caspian"]
[Result "0-1"]
[WhiteElo "1754"]
[BlackElo "1483"]
[PlyCount "108"]
[EventDate "2022.07.07"]
[EventRounds "9"]
[EventCountry "WLS"]

1. e4 e5 2. Nf3 Nc6 3. Bb5 a6 4. Ba4 Nf6 5. d3 Bc5 6. O-O b5 7. Bb3 d6 8. c3
Bg4 9. Be3 Bb6 10. Bxb6 cxb6 11. Nbd2 O-O 12. Qe2 Rc8 13. Qe3 h6 14. Rfe1 Re8
15. Nf1 Nh5 16. h3 Bxf3 17. Qxf3 Nf4 18. Kh1 Qh4 19. Nh2 Qf6 20. Ng4 Qg6 21. d4
h5 22. Nh2 b4 23. dxe5 dxe5 24. Rad1 bxc3 25. Rd7 Re7 26. Rxe7 Nxe7 27. g3 Nxh3
28. bxc3 Qf6 29. Qxf6 gxf6 30. Kg2 Ng5 31. Re3 Rd8 32. Nf1 Ne6 33. Kh3 Kg7 34.
Kh4 f5 35. Bxe6 fxe6 36. Kg5 fxe4 37. Rxe4 Rf8 38. Rxe5 Rxf2 39. Ne3 Kf7 40.
Kxh5 Rxa2 41. Nc4 Kf6 42. Re3 Nd5 43. Rf3+ Ke7 44. Ne5 b5 45. Kg6 Rc2 46. Nc6+
Kd6 47. Nb8 a5 48. g4 Rxc3 49. Rf8 Ne7+ 50. Kf7 Rf3+ 51. Ke8 Rxf8+ 52. Kxf8 b4
53. Na6 b3 54. Nc5 Kxc5 0-1

[Event "South Wales International Open"]
[Site "Bridgend"]
[Date "2022.07.09"]
[Round "4.19"]
[White "Arkell, Keith C"]
[Black "Blackburn, Jonathan L B"]
[Result "1-0"]
[WhiteElo "2400"]
[BlackElo "2176"]
[PlyCount "67"]
[EventDate "2022.07.07"]
[EventRounds "9"]
[EventCountry "WLS"]

1. d4 Nf6 2. Nf3 g6 3. c4 Bg7 4. g3 O-O 5. Bg2 d6 6. O-O Nc6 7. Nc3 a6 8. Bf4
Bg4 9. d5 Na5 10. Qd3 c5 11. Rab1 b5 12. cxb5 c4 13. Qd1 axb5 14. Nxb5 Bf5 15.
Rc1 Qb6 16. Nfd4 Bd7 17. a4 Rfc8 18. h3 Bxb5 19. axb5 Nxd5 20. Bxd5 Bxd4 21.
Bxa8 Rxa8 22. Qa4 Rc8 23. Rc2 Rc5 24. b4 cxb3 25. Rxc5 dxc5 26. Bd2 Nb7 27.
Qxb3 Nd6 28. e3 c4 29. Qa4 Bf6 30. Rc1 Qb7 31. Bb4 Ne4 32. Rxc4 Ng5 33. Rc6 h5
34. Qa6 1-0

[Event "South Wales International Open"]
[Site "Bridgend"]
[Date "2022.07.09"]
[Round "5.1"]
[White "Camacho Collados, Jose"]
[Black "Derakhshani, Borna"]
[Result "1/2-1/2"]
[WhiteElo "2410"]
[BlackElo "2387"]
[PlyCount "91"]
[EventDate "2022.07.07"]
[EventRounds "9"]
[EventCountry "WLS"]

1. Nf3 d5 2. g3 g6 3. Bg2 Bg7 4. O-O Nf6 5. c4 c6 6. b3 O-O 7. Bb2 a5 8. Nc3
Ne4 9. d4 Bf5 10. Ne5 Nxc3 11. Bxc3 Qd6 12. Rc1 Nd7 13. g4 Be6 14. f4 f6 15.
Nxd7 Qxd7 16. cxd5 cxd5 17. h3 h5 18. e3 hxg4 19. hxg4 Bxg4 20. Bxd5+ Qxd5 21.
Qxg4 Qe4 22. Qf3 Qxf3 23. Rxf3 Rfc8 24. Rff1 f5 25. Kf2 a4 26. Bb4 axb3 27.
axb3 Kf7 28. Ke2 Bf8 29. Rc4 Rc6 30. Rxc6 bxc6 31. Kd3 Ra2 32. Rc1 Rb2 33. Kc3
Re2 34. Kd3 Rb2 35. Kc4 Re2 36. Rc3 Bh6 37. Kd3 Rb2 38. Ba3 Ra2 39. Bb4 Rb2 40.
Ba5 Ke8 41. Rxc6 Rxb3+ 42. Bc3 Kf7 43. Kc4 Rb7 44. d5 Bg7 45. Be5 Ra7 46. Bxg7
1/2-1/2

[Event "South Wales International Open"]
[Site "Bridgend"]
[Date "2022.07.09"]
[Round "5.2"]
[White "Smith, Olivia"]
[Black "Richardson, John R"]
[Result "1-0"]
[WhiteElo "2038"]
[BlackElo "2289"]
[PlyCount "103"]
[EventDate "2022.07.07"]
[EventRounds "9"]
[EventCountry "WLS"]

1. e4 c6 2. Nc3 d5 3. Nf3 dxe4 4. Nxe4 Nf6 5. Qe2 Nxe4 6. Qxe4 Qa5 7. Bc4 Bf5
8. Qf4 e6 9. O-O Nd7 10. d3 Be7 11. Bd2 Qc5 12. Bc3 O-O 13. a3 Bd6 14. Qd2 Ne5
15. Nxe5 Bxe5 16. Bb4 Qd4 17. c3 Qh4 18. g3 Qh5 19. Bxf8 Rxf8 20. d4 Bf6 21.
Be2 Qg6 22. Rad1 Rd8 23. Bd3 c5 24. Bxf5 Qxf5 25. Qf4 Qxf4 26. gxf4 cxd4 27.
cxd4 Bxd4 28. Rd2 f6 29. Kg2 Kf7 30. Rfd1 e5 31. fxe5 fxe5 32. f4 Ke6 33. fxe5
Kxe5 34. Re2+ Kd5 35. Re7 Kc6 36. b3 Rd6 37. Rc1+ Kb6 38. Rcc7 Rg6+ 39. Kf3 Rh6
40. Rxb7+ Ka6 41. Rbd7 Bb6 42. Rxg7 Rh3+ 43. Ke4 Rxb3 44. Rg3 Rxg3 45. hxg3 Kb5
46. Rxh7 Ka4 47. g4 a5 48. g5 Bd8 49. g6 Bf6 50. Rh3 Bg7 51. Kf5 Bf8 52. Ke6
1-0

[Event "South Wales International Open"]
[Site "Bridgend"]
[Date "2022.07.09"]
[Round "5.3"]
[White "Nilsson, Joakim"]
[Black "Rathbone-Jones, Ifan"]
[Result "1-0"]
[WhiteElo "2213"]
[BlackElo "1936"]
[PlyCount "79"]
[EventDate "2022.07.07"]
[EventRounds "9"]
[EventCountry "WLS"]

1. Nf3 Nf6 2. c4 e6 3. g3 d5 4. Bg2 Be7 5. d4 c6 6. O-O O-O 7. Qc2 b6 8. Nbd2
Bb7 9. e4 Nxe4 10. Nxe4 dxe4 11. Qxe4 Nd7 12. Rd1 Nf6 13. Qc2 Qc8 14. c5 Nd5
15. a3 b5 16. Ne5 a5 17. Bd2 Bf6 18. h4 Qc7 19. Qe4 Be7 20. h5 f5 21. Qe2 Bf6
22. Re1 Rfe8 23. Rad1 h6 24. Bc1 Bxe5 25. Qxe5 Qxe5 26. Rxe5 Nf6 27. Bf3 Rad8
28. Bf4 Kf7 29. Re2 Nd5 30. Bd6 Rd7 31. Rde1 Nb6 32. g4 f4 33. Be4 Kf6 34. Be5+
Kg5 35. cxb6 Kxg4 36. f3+ Kxh5 37. Rh2+ Kg5 38. Rg2+ Kh4 39. Kf2 Rxd4 40. Rh1#
1-0

[Event "South Wales International Open"]
[Site "Bridgend"]
[Date "2022.07.09"]
[Round "5.4"]
[White "Menadue, Jeremy F S"]
[Black "Maksimenko, Andrei"]
[Result "1/2-1/2"]
[WhiteElo "1989"]
[BlackElo "2434"]
[PlyCount "52"]
[EventDate "2022.07.07"]
[EventRounds "9"]
[EventCountry "WLS"]

1. d4 d5 2. c4 dxc4 3. Nf3 a6 4. a4 Nf6 5. e3 e6 6. Bxc4 b6 7. Nc3 Bb7 8. O-O
Nbd7 9. Qe2 Bb4 10. Rd1 O-O 11. Bd2 Qe7 12. Be1 Rfd8 13. Rac1 Qf8 14. Bd3 c5
15. Bc2 Rac8 16. Bd3 cxd4 17. exd4 Ra8 18. Ne5 Qe8 19. f4 g6 20. Bh4 Be7 21.
Bf2 Nh5 22. Be3 Ng7 23. Bc4 Nf5 24. Bf2 Nd6 25. Bb3 Bf6 26. d5 Nc5 1/2-1/2

[Event "South Wales International Open"]
[Site "Bridgend"]
[Date "2022.07.09"]
[Round "5.5"]
[White "Rudd, Jack"]
[Black "De Coverly, Roger D"]
[Result "1-0"]
[WhiteElo "2331"]
[BlackElo "1914"]
[PlyCount "119"]
[EventDate "2022.07.07"]
[EventRounds "9"]
[EventCountry "WLS"]

1. d4 Nf6 2. c4 g6 3. Nc3 Bg7 4. e4 d6 5. Be2 O-O 6. Bg5 Nbd7 7. Nf3 e5 8. d5
h6 9. Bh4 g5 10. Bg3 Nh5 11. Nd2 Nf4 12. Bf1 Nc5 13. Nb3 b6 14. f3 f5 15. Qc2
fxe4 16. Nxc5 bxc5 17. Nxe4 Bf5 18. Bf2 Rb8 19. g3 Nh5 20. O-O-O Nf6 21. Bd3
Bxe4 22. fxe4 Ng4 23. Bg1 Qf6 24. Qe2 Nf2 25. Bxf2 Qxf2 26. Rhf1 Qxe2 27. Bxe2
Bf6 28. Kc2 Kg7 29. Bg4 a5 30. Bd7 Rf7 31. Be6 Rff8 32. Rf3 Rb4 33. Kc3 a4 34.
Bd7 h5 35. Bb5 g4 36. Rf5 h4 37. Rdf1 hxg3 38. hxg3 Be7 39. Rxf8 Bxf8 40. b3 a3
41. Bd7 Rb8 42. Be6 Kg6 43. Rf7 Bh6 44. Rxc7 Be3 45. Bxg4 Bd4+ 46. Kc2 Rh8 47.
Bf5+ Kf6 48. Bh7 Kg5 49. Kd3 Rf8 50. Bf5 Rh8 51. Rg7+ Kf6 52. Rg6+ Ke7 53. Re6+
Kf8 54. Rxd6 Rh2 55. Ra6 Rg2 56. d6 Rxg3+ 57. Ke2 Rg2+ 58. Kf3 Rxa2 59. Ra8+
Kf7 60. d7 1-0

[Event "South Wales International Open"]
[Site "Bridgend"]
[Date "2022.07.09"]
[Round "5.6"]
[White "Ralphs, Nigel"]
[Black "Brown, Thomas"]
[Result "1/2-1/2"]
[WhiteElo "1964"]
[BlackElo "2194"]
[PlyCount "81"]
[EventDate "2022.07.07"]
[EventRounds "9"]
[EventCountry "WLS"]

1. e4 c5 2. Nf3 g6 3. Bc4 Bg7 4. O-O Nc6 5. c3 d6 6. h3 Nf6 7. Qe2 O-O 8. Rd1
e6 9. d4 cxd4 10. cxd4 Nxe4 11. Qxe4 d5 12. Bxd5 exd5 13. Qf4 Bf5 14. Nc3 a6
15. Be3 Re8 16. g4 Be4 17. Ng5 f5 18. Ngxe4 fxe4 19. Kg2 Rf8 20. Qg5 Qxg5 21.
Bxg5 Bxd4 22. Be3 Bxc3 23. bxc3 Rad8 24. Rd2 Ne5 25. Rad1 Nd3 26. Rb1 b5 27. a4
Rb8 28. axb5 axb5 29. Ra2 b4 30. cxb4 Rxb4 31. Rxb4 Nxb4 32. Ra5 Rd8 33. f3 d4
34. Bg5 exf3+ 35. Kxf3 Rd7 36. Ra8+ Kf7 37. Rd8 Rxd8 38. Bxd8 Ke6 39. Ke4 d3
40. Bg5 Kd6 41. Bd2 1/2-1/2

[Event "South Wales International Open"]
[Site "Bridgend"]
[Date "2022.07.09"]
[Round "5.7"]
[White "Van Kemenade, Rudy"]
[Black "Hill, Alistair"]
[Result "0-1"]
[WhiteElo "1921"]
[BlackElo "2190"]
[PlyCount "88"]
[EventDate "2022.07.07"]
[EventRounds "9"]
[EventCountry "WLS"]

1. f4 d5 2. Nf3 g6 3. g3 Bg7 4. Bg2 Nf6 5. d3 O-O 6. O-O b6 7. c3 Bb7 8. h3
Nbd7 9. Na3 Ne8 10. g4 Nd6 11. Qe1 e5 12. fxe5 Nxe5 13. Nxe5 Bxe5 14. Bh6 Re8
15. Qf2 Qd7 16. Nc2 Bg7 17. Bxg7 Kxg7 18. Qd4+ Kg8 19. Bxd5 Bxd5 20. Qxd5 Rad8
21. Rf2 c5 22. Raf1 Re7 23. e4 Qe8 24. Ne3 c4 25. Qg5 Re5 26. Qf4 cxd3 27. Nd5
Nxe4 28. Qxe4 Rdxd5 29. Qf4 Rd7 30. Rd2 Qe6 31. Rfd1 Re3 32. Kg2 Re2+ 33. Kg3
Rxd2 34. Rxd2 Qxa2 35. Qb8+ Kg7 36. Qe5+ f6 37. Qe8 Qd5 38. h4 Qd6+ 39. Kf3 Re7
40. Qb5 Rd7 41. g5 fxg5 42. hxg5 Rf7+ 43. Ke3 Qg3+ 44. Kd4 Rf4+ 0-1

[Event "South Wales International Open"]
[Site "Bridgend"]
[Date "2022.07.09"]
[Round "5.8"]
[White "Blackburn, Jonathan L B"]
[Black "Fathallah, Joe"]
[Result "1-0"]
[WhiteElo "2176"]
[BlackElo "1912"]
[PlyCount "41"]
[EventDate "2022.07.07"]
[EventRounds "9"]
[EventCountry "WLS"]

1. d4 f5 2. g3 Nf6 3. Bg2 d6 4. Nc3 g6 5. e4 Nxe4 6. Nxe4 fxe4 7. Bxe4 Bg7 8.
h4 Nc6 9. h5 Bf5 10. h6 Bf6 11. Bxf5 gxf5 12. Qh5+ Kf8 13. Be3 Nxd4 14. O-O-O
c5 15. Bxd4 cxd4 16. Qxf5 Rc8 17. Rxd4 e6 18. Qxe6 Bxd4 19. Rh4 Qxh4 20. Qxc8+
Kf7 21. Qc4+ 1-0

[Event "South Wales International Open"]
[Site "Bridgend"]
[Date "2022.07.09"]
[Round "5.9"]
[White "Hurn, Robert Aj"]
[Black "Waddington, Mike P"]
[Result "1/2-1/2"]
[WhiteElo "1605"]
[BlackElo "2071"]
[PlyCount "123"]
[EventDate "2022.07.07"]
[EventRounds "9"]
[EventCountry "WLS"]

1. d4 Nf6 2. c4 c5 3. d5 b5 4. Nf3 g6 5. Qc2 Bg7 6. e4 d6 7. Bd3 O-O 8. O-O b4
9. Re1 Nbd7 10. h3 a5 11. Bf4 Qc7 12. Nbd2 a4 13. Rab1 Ne5 14. Nxe5 dxe5 15.
Bh2 Nh5 16. Bf1 g5 17. g3 Ra6 18. Bg2 Bd7 19. Qd1 Rh6 20. Nf1 Qc8 21. g4 Nf4
22. Bxf4 gxf4 23. Nh2 Kh8 24. f3 Rg8 25. b3 Ra6 26. Qd3 Bf6 27. Red1 Qc7 28.
Qe2 Rga8 29. Qe1 axb3 30. axb3 Ra2 31. Rd2 R2a3 32. h4 h6 33. Qf2 R8a6 34. Nf1
Kg8 35. Rdb2 Kf8 36. Nd2 Ke8 37. Kh2 Kd8 38. Bh3 Qa7 39. Rg1 Bg7 40. g5 h5 41.
Bf5 Be8 42. Rd1 Kc7 43. Kh3 Ra2 44. Rdb1 Rxb2 45. Rxb2 Ra1 46. Nb1 Bd7 47. Bxd7
Kxd7 48. Kh2 Kd6 49. Qg2 Ra6 50. Qh3 Qd7 51. Qg2 Qc8 52. Nd2 Kc7 53. Qf2 Kd8
54. Nb1 Kd7 55. Qg2 f6 56. Nd2 Kc7 57. Nb1 Qh8 58. Qg1 Kd6 59. Qg2 Qc8 60. Qg1
Ra1 61. Qf2 Ra7 62. Qg2 1/2-1/2

[Event "South Wales International Open"]
[Site "Bridgend"]
[Date "2022.07.09"]
[Round "5.10"]
[White "Bullen, Alex"]
[Black "Fowler, Hugo"]
[Result "1-0"]
[WhiteElo "2106"]
[BlackElo "1873"]
[PlyCount "147"]
[EventDate "2022.07.07"]
[EventRounds "9"]
[EventCountry "WLS"]

1. d4 Nf6 2. Nf3 d5 3. e3 c5 4. a3 e6 5. Be2 Nc6 6. O-O Be7 7. dxc5 Bxc5 8. b4
Be7 9. Bb2 O-O 10. c4 b6 11. Nc3 dxc4 12. Qc2 Bb7 13. Bxc4 a6 14. Rad1 Qc7 15.
Ba2 Rac8 16. Bb1 Rfd8 17. Ng5 h6 18. Nge4 Ne5 19. Rxd8+ Bxd8 20. Ng3 Nc4 21.
Nce2 Qc6 22. e4 Nxb2 23. Qxb2 Bc7 24. Rd1 Rd8 25. Rxd8+ Bxd8 26. Qd4 Bc7 27.
Qd3 Bxg3 28. hxg3 Qd7 29. Nc3 Qxd3 30. Bxd3 Kf8 31. Na4 Nd7 32. Kf1 Ke7 33. Ke2
Kd6 34. Ke3 e5 35. Bc2 a5 36. Bb3 f6 37. Bf7 axb4 38. axb4 Bc6 39. Nc3 Nb8 40.
Kd3 Ke7 41. Bd5 Kd6 42. Kc4 Be8 43. b5 Kc7 44. Bg8 Kd6 45. Nd5 Nd7 46. Ne3 Bg6
47. Bd5 Nc5 48. f3 Kc7 49. Bg8 Kd6 50. Nd5 Nd7 51. Nc3 Nc5 52. Bd5 Be8 53. Nd1
Bg6 54. Nb2 Be8 55. Kb4 Kc7 56. Kc4 Kd6 57. g4 Bg6 58. Nd1 Be8 59. Ne3 Bg6 60.
Bc6 Na4 61. Kb4 Nc5 62. Nd5 Nd3+ 63. Kc4 Ne1 64. Nxb6 Nxg2 65. Nc8+ Kc7 66. Ne7
Nf4 67. Nd5+ Nxd5 68. exd5 Kb6 69. d6 Bf7+ 70. Kd3 Bg6+ 71. Ke3 f5 72. d7 Kc7
73. b6+ Kd8 74. b7 1-0

[Event "South Wales International Open"]
[Site "Bridgend"]
[Date "2022.07.09"]
[Round "5.11"]
[White "Spanton, Tim R"]
[Black "Bridges, Paul"]
[Result "1-0"]
[WhiteElo "1889"]
[BlackElo "1754"]
[PlyCount "77"]
[EventDate "2022.07.07"]
[EventRounds "9"]
[EventCountry "WLS"]

1. e4 c5 2. Nf3 e6 3. g3 Nc6 4. Bg2 d6 5. O-O Nf6 6. Qe2 Qc7 7. c3 e5 8. d4
exd4 9. cxd4 Be7 10. dxc5 dxc5 11. Bf4 Qb6 12. Nc3 O-O 13. Nd5 Qa5 14. Rfd1 Bd8
15. Bd2 Qa4 16. b3 Qa3 17. Bc3 Nd7 18. Ne1 Nde5 19. Nc2 Qa6 20. Qxa6 bxa6 21.
Nce3 f6 22. f4 Ng6 23. Nc4 Rb8 24. Rac1 Bb6 25. h4 Nge7 26. Kh2 Nxd5 27. exd5
Nd8 28. Re1 Nf7 29. d6 Rd8 30. Re7 Kf8 31. Rce1 Nxd6 32. Nxd6 Rxd6 33. Re8+ Kf7
34. h5 Re6 35. Bc6 Rxe1 36. Rxe1 Bg4 37. Bd5+ Kf8 38. h6 Re8 39. hxg7+ 1-0

[Event "South Wales International Open"]
[Site "Bridgend"]
[Date "2022.07.09"]
[Round "5.12"]
[White "Gawne, Martin"]
[Black "Gibbs, Dominic V"]
[Result "1/2-1/2"]
[WhiteElo "1724"]
[BlackElo "1873"]
[PlyCount "146"]
[EventDate "2022.07.07"]
[EventRounds "9"]
[EventCountry "WLS"]

1. d4 f5 2. Bf4 Nf6 3. e3 e6 4. h3 Be7 5. Bd3 d6 6. g4 Nc6 7. gxf5 exf5 8. c4
O-O 9. a3 Qe8 10. Qf3 Nh5 11. Ne2 Nxf4 12. Nxf4 Bf6 13. Kd2 Ne7 14. Nc3 c6 15.
Rag1 Kh8 16. Nce2 g6 17. h4 Rg8 18. Qg3 Bd7 19. Nh3 Qb8 20. Ng5 d5 21. Nf4 h5
22. Qf3 Be8 23. Rc1 Qd8 24. Rc2 Rb8 25. Rhc1 Bxg5 26. hxg5 Bf7 27. Qg3 dxc4 28.
Bxc4 Bxc4 29. Rxc4 Qd7 30. Nd3 Rbd8 31. Qe5+ Kh7 32. Nc5 Qe8 33. Nxb7 Rd5 34.
Qe6 Rb5 35. Rb4 Rxb4 36. axb4 Rg7 37. Na5 Qb8 38. Nxc6 Nxc6 39. Qxc6 Qxb4+ 40.
Qc3 Qe7 41. f4 Qe4 42. Qc6 Qe7 43. Ke2 Qb4 44. Rc2 Qb3 45. d5 Re7 46. Qc3 Qxd5
47. Qc6 Qxc6 48. Rxc6 Rb7 49. Kf3 Kg7 50. b4 Kf7 51. b5 Rxb5 52. Rc7+ Kf8 53.
Rxa7 Rb8 54. Ra6 Kg7 55. Ra7+ Kh8 56. Ra6 Rg8 57. e4 fxe4+ 58. Kxe4 Re8+ 59.
Kf3 Kg7 60. Rf6 Re1 61. f5 gxf5 62. Rxf5 Kg6 63. Ra5 Rg1 64. Ra2 Rg4 65. Rg2
Kxg5 66. Rxg4+ hxg4+ 67. Kg3 Kf5 68. Kg2 Kf4 69. Kf2 g3+ 70. Kg2 Kg4 71. Kg1
Kh4 72. Kg2 Kg4 73. Kg1 Kf3 1/2-1/2

[Event "South Wales International Open"]
[Site "Bridgend"]
[Date "2022.07.09"]
[Round "5.13"]
[White "Fowler, Caspian"]
[Black "Robinson, David"]
[Result "0-1"]
[WhiteElo "1483"]
[BlackElo "1857"]
[PlyCount "76"]
[EventDate "2022.07.07"]
[EventRounds "9"]
[EventCountry "WLS"]

1. e4 d5 2. exd5 Qxd5 3. Nc3 Qa5 4. d4 Nf6 5. Bc4 Bf5 6. Nf3 e6 7. a3 c6 8. O-O
Nbd7 9. Be3 Bd6 10. Re1 O-O 11. h3 Nd5 12. Nxd5 cxd5 13. Bd3 Bxd3 14. Qxd3 Rac8
15. Re2 Rc6 16. Bd2 Qc7 17. Bc3 Rc8 18. Ne5 Nxe5 19. dxe5 Bf8 20. Kf1 Rc4 21.
Ke1 Qb6 22. Kd1 Rxc3 23. bxc3 Qb2 24. Rc1 Bxa3 25. Qd2 Rxc3 26. Re3 Rxe3 27.
Qxe3 Qxc1+ 28. Qxc1 Bxc1 29. Kxc1 b5 30. Kb2 a5 31. f4 Kf8 32. h4 h5 33. g3 g6
34. Kc3 Ke7 35. Kd4 a4 36. Kc3 Kd7 37. Kb4 Kc6 38. c3 Kb6 0-1

[Event "South Wales International Open"]
[Site "Bridgend"]
[Date "2022.07.09"]
[Round "5.17"]
[White "Thomas, Roy"]
[Black "Dixon, Chris"]
[Result "1/2-1/2"]
[WhiteElo "1673"]
[BlackElo "1696"]
[PlyCount "80"]
[EventDate "2022.07.07"]
[EventRounds "9"]
[EventCountry "WLS"]

1. f4 Nf6 2. Nf3 g6 3. e3 Bg7 4. Be2 O-O 5. O-O d6 6. d3 c5 7. Nc3 Nc6 8. e4
Rb8 9. Qe1 e6 10. a4 a6 11. Qg3 b5 12. axb5 axb5 13. Nd1 Qc7 14. Ne3 Nd4 15.
Bd1 Nxf3+ 16. Bxf3 Nd7 17. f5 Ne5 18. Be2 Qe7 19. c3 Nc6 20. Bd2 Bd7 21. Rf2
Be5 22. Qh3 f6 23. fxg6 hxg6 24. Ng4 Qh7 25. Bh6 Rf7 26. Raf1 f5 27. Nxe5 Nxe5
28. d4 cxd4 29. cxd4 Nc6 30. Qe3 Nxd4 31. Qxd4 Qxh6 32. Qxd6 Qf8 33. Qe5 Rc8
34. Bxb5 Rc5 35. Qg3 Bxb5 36. Re1 Rg7 37. Rd1 Qe8 38. Rfd2 Rc8 39. Rd6 Rgc7 40.
exf5 Rc1 1/2-1/2

[Event "South Wales International Open"]
[Site "Bridgend"]
[Date "2022.07.09"]
[Round "5.18"]
[White "Jones, Jeremy"]
[Black "Skettos, Nicolas"]
[Result "0-1"]
[WhiteElo "1574"]
[BlackElo "1972"]
[PlyCount "86"]
[EventDate "2022.07.07"]
[EventRounds "9"]
[EventCountry "WLS"]

1. d4 d5 2. c4 dxc4 3. e4 Nf6 4. e5 Nd5 5. Bxc4 Nb6 6. Bb3 Nc6 7. Nf3 Bf5 8.
O-O e6 9. Nc3 Nb4 10. Ne1 Qd7 11. a3 N4d5 12. Nc2 Bg6 13. Ne3 Nxe3 14. Bxe3 c6
15. Bc2 Be7 16. Bxg6 hxg6 17. Ne4 Nd5 18. Qf3 Rf8 19. Nc5 Bxc5 20. dxc5 Qe7 21.
Qg3 Rh8 22. b4 Rh5 23. Rfc1 a6 24. Rc4 Kd7 25. Rd1 Rah8 26. h3 Kc7 27. a4 Rd8
28. Qf3 Nxe3 29. fxe3 Rxd1+ 30. Qxd1 Rxe5 31. Qd2 Rd5 32. Rd4 Qg5 33. Rxd5 exd5
34. Qf2 f6 35. g3 Kd7 36. Qf4 Qxf4 37. gxf4 Ke6 38. Kf2 Kf5 39. Kf3 g5 40. fxg5
Kxg5 41. Kg3 Kf5 42. Kf3 Ke5 43. h4 g6 0-1

[Event "South Wales International Open"]
[Site "Bridgend"]
[Date "2022.07.09"]
[Round "5.19"]
[White "Wells, Peter K"]
[Black "Arkell, Keith C"]
[Result "1/2-1/2"]
[WhiteElo "2379"]
[BlackElo "2400"]
[PlyCount "51"]
[EventDate "2022.07.07"]
[EventRounds "9"]
[EventCountry "WLS"]

1. e4 e6 2. d4 d5 3. Nd2 dxe4 4. Nxe4 Bd7 5. Nf3 Bc6 6. Bd3 Nd7 7. O-O Ngf6 8.
Ned2 Be7 9. Qe2 Bxf3 10. Nxf3 c5 11. dxc5 Bxc5 12. Bf4 O-O 13. Rad1 Qb6 14. c3
Rfd8 15. a4 Be7 16. Nd4 Nd5 17. Bg3 a6 18. a5 Qxa5 19. Nxe6 fxe6 20. Qxe6+ Kh8
21. Bc4 N7f6 22. Bxd5 Nxd5 23. c4 Nc3 24. bxc3 Bf6 25. Rb1 Qxc3 26. Rfe1
1/2-1/2

[Event "South Wales International Open"]
[Site "Bridgend"]
[Date "2022.07.09"]
[Round "5.20"]
[White "Williams, Ron"]
[Black "Probert, Malcolm"]
[Result "1/2-1/2"]
[WhiteElo "1589"]
[BlackElo "1572"]
[PlyCount "42"]
[EventDate "2022.07.07"]
[EventRounds "9"]
[EventCountry "WLS"]

1. f4 d5 2. Nf3 g6 3. e3 Bg7 4. Be2 c5 5. O-O Nf6 6. d3 O-O 7. Nbd2 b6 8. h3
Bb7 9. g4 Qc7 10. Ne5 Nfd7 11. d4 f6 12. Nxd7 Nxd7 13. c3 e5 14. Qe1 exd4 15.
exd4 cxd4 16. cxd4 Rae8 17. Qf2 Re7 18. Bd3 Rfe8 19. Nf3 Nb8 20. Bd2 Nc6 21.
Rae1 Rxe1 1/2-1/2

[Event "South Wales International Open"]
[Site "Bridgend"]
[Date "2022.07.09"]
[Round "5.21"]
[White "Emblem, Mark"]
[Black "Mckenna, Joshua"]
[Result "0-1"]
[WhiteElo "1437"]
[BlackElo "1658"]
[PlyCount "106"]
[EventDate "2022.07.07"]
[EventRounds "9"]
[EventCountry "WLS"]

1. Nf3 Nf6 2. b3 g6 3. Bb2 Bg7 4. d4 O-O 5. e3 c5 6. Be2 cxd4 7. exd4 d5 8. O-O
Qc7 9. Nbd2 Bf5 10. Rc1 Nc6 11. c4 Nb4 12. cxd5 Bc2 13. Qe1 Nfxd5 14. a3 Na2
15. Ra1 Nac3 16. Bc4 b5 17. Rc1 bxc4 18. Rxc2 cxb3 19. Nxb3 Rab8 20. Nc5 Na4
21. Ba1 Nxc5 22. Rxc5 Qd6 23. Qe4 e6 24. Qc2 Qa6 25. Qc1 Rb6 26. Ne5 Bxe5 27.
dxe5 Rfb8 28. Qc2 Qb7 29. h3 Rb1 30. Bd4 Nf4 31. f3 Rxf1+ 32. Kxf1 Qb1+ 33. Kf2
Nd3+ 34. Kg3 Nxc5 35. Qxc5 Qb6 36. Qd6 Qxd6 37. exd6 Rb7 38. Kf4 Rb5 39. Bxa7
Rd5 40. Bb8 h6 41. h4 Kf8 42. g4 Ke8 43. Ke4 Kd7 44. a4 Ra5 45. f4 f5+ 46. gxf5
gxf5+ 47. Kd4 Rxa4+ 48. Ke3 h5 49. Kf3 Ra1 50. Kg2 Re1 51. Bc7 Ra1 52. Bb8 Ra8
53. Bc7 Rg8+ 0-1

[Event "South Wales International Open"]
[Site "Bridgend"]
[Date "2022.07.09"]
[Round "5.22"]
[White "Sainbayar, Anuurai"]
[Black "Khan, Mohammed"]
[Result "1-0"]
[WhiteElo "1512"]
[BlackElo "1778"]
[PlyCount "57"]
[EventDate "2022.07.07"]
[EventRounds "9"]
[EventCountry "WLS"]

1. b4 e5 2. Bb2 Bxb4 3. Bxe5 Nf6 4. e3 Be7 5. c4 Nc6 6. Bb2 d6 7. Nf3 Bf5 8. d4
O-O 9. Nc3 Re8 10. h3 Bf8 11. Nh4 Bg6 12. Nxg6 hxg6 13. Be2 Ne4 14. Nxe4 Rxe4
15. Qc2 Re8 16. a3 d5 17. cxd5 Qxd5 18. O-O Qd7 19. Bc4 Ne7 20. Rac1 c6 21. e4
Rad8 22. Qe2 Nd5 23. Qf3 Nf6 24. Rfe1 Qc7 25. d5 Qb6 26. Bxf6 gxf6 27. dxc6
bxc6 28. Qxf6 Bg7 29. Bxf7+ 1-0

[Event "South Wales International Open"]
[Site "Bridgend"]
[Date "2022.07.10"]
[Round "6.2"]
[White "Richardson, John R"]
[Black "Wells, Peter K"]
[Result "0-1"]
[WhiteElo "2289"]
[BlackElo "2379"]
[PlyCount "62"]
[EventDate "2022.07.07"]
[EventRounds "9"]
[EventCountry "WLS"]

1. d4 Nf6 2. c4 e6 3. Nc3 Bb4 4. Qc2 O-O 5. e4 d5 6. e5 Ne4 7. Bd3 c5 8. Nf3
cxd4 9. Nxd4 Nd7 10. Bf4 Ndc5 11. O-O Bxc3 12. bxc3 Bd7 13. Rfd1 Rc8 14. cxd5
exd5 15. Bb5 Ne6 16. Bxd7 Qxd7 17. Be3 Nxc3 18. Rd3 Nb5 19. Qb2 Nbxd4 20. Bxd4
Qa4 21. Bc3 d4 22. Be1 Rc2 23. Qb1 Qc4 24. Rd1 b6 25. Qb3 Rc8 26. g3 Qc6 27. h4
Qe4 28. Qb5 Re2 29. Qd7 Rd8 30. Qxa7 d3 31. Bd2 Nd4 0-1

[Event "South Wales International Open"]
[Site "Bridgend"]
[Date "2022.07.10"]
[Round "6.3"]
[White "Hill, Alistair"]
[Black "Rudd, Jack"]
[Result "1-0"]
[WhiteElo "2190"]
[BlackElo "2331"]
[PlyCount "67"]
[EventDate "2022.07.07"]
[EventRounds "9"]
[EventCountry "WLS"]

1. d4 Nf6 2. c4 e6 3. Nf3 c5 4. d5 exd5 5. cxd5 d6 6. Nc3 g6 7. e4 Bg7 8. Nd2
O-O 9. Be2 b6 10. O-O Ba6 11. a4 Re8 12. Re1 Bxe2 13. Qxe2 a6 14. Nc4 Ra7 15.
Bf4 Rd7 16. Qc2 Nh5 17. Bd2 Rb7 18. Qd3 Qd7 19. Na3 h6 20. Kh1 Nf6 21. h3 g5
22. f4 Nh7 23. Nc4 b5 24. Ne3 b4 25. Ncd1 gxf4 26. Nf5 Ng5 27. Nxg7 Kxg7 28.
Bxf4 Qe7 29. e5 Nd7 30. Ne3 Nxe5 31. Nf5+ Kf8 32. Bxe5 Qxe5 33. Rxe5 Rxe5 34.
Qxa6 1-0

[Event "South Wales International Open"]
[Site "Bridgend"]
[Date "2022.07.10"]
[Round "6.4"]
[White "Murphy, Hugh W"]
[Black "Nilsson, Joakim"]
[Result "0-1"]
[WhiteElo "2125"]
[BlackElo "2213"]
[PlyCount "66"]
[EventDate "2022.07.07"]
[EventRounds "9"]
[EventCountry "WLS"]

1. d4 d5 2. Nf3 e6 3. e3 Nf6 4. Nbd2 c5 5. c3 Nc6 6. Bd3 Bd6 7. O-O O-O 8. dxc5
Bxc5 9. e4 Qc7 10. exd5 exd5 11. Nb3 Bb6 12. Bc2 h6 13. Nbd4 Bg4 14. Qd3 Rfe8
15. Bd2 Re4 16. Rfc1 Rae8 17. Qf1 R4e7 18. h3 Bxf3 19. Nxf3 Re2 20. Be1 Qf4 21.
Rab1 d4 22. Bd3 Rxb2 23. cxd4 Rxb1 24. Rxb1 Nxd4 25. Nxd4 Qxd4 26. Bc2 Nd5 27.
Rd1 Qc5 28. Bb3 Re5 29. Bxd5 Rxd5 30. Rxd5 Qxd5 31. Qe2 Qe6 32. Qd2 Qe5 33. g3
Qxg3+ 0-1

[Event "South Wales International Open"]
[Site "Bridgend"]
[Date "2022.07.10"]
[Round "6.5"]
[White "Maksimenko, Andrei"]
[Black "Blackburn, Jonathan L B"]
[Result "1-0"]
[WhiteElo "2434"]
[BlackElo "2176"]
[PlyCount "73"]
[EventDate "2022.07.07"]
[EventRounds "9"]
[EventCountry "WLS"]

1. d4 Nf6 2. c4 c5 3. d5 a6 4. Nf3 g6 5. a4 d6 6. Nc3 e5 7. dxe6 Bxe6 8. e4 Nc6
9. Be2 h6 10. O-O g5 11. Be3 Ng4 12. Bd2 Bg7 13. Nxg5 hxg5 14. Bxg4 Bxc4 15.
Be2 Be6 16. Rb1 Qf6 17. Bg4 Bc4 18. Re1 Qh6 19. h3 Be6 20. Nd5 O-O-O 21. b4 Bd4
22. bxc5 Qh4 23. Be3 Bxg4 24. Qxg4+ Qxg4 25. hxg4 dxc5 26. Bxg5 Rd6 27. Nb6+
Kc7 28. Nc4 Rg6 29. Bf4+ Kd8 30. g5 f6 31. Rxb7 fxg5 32. Be3 Bxe3 33. Rxe3 Rgh6
34. f3 g4 35. fxg4 Rg8 36. Rd3+ Kc8 37. Rdd7 1-0